000 00295nam a22001337a 4500
008 170725b xxu||||| |||| 00| 0 eng d
020 _a9781936201174
041 _aeng
080 _a004
100 _a29
101 _aSHK
245 _aTHE PROFESSIONAL PORTFOLIO
_cSCHRAND,R
942 _2udc
_cBK
999 _c21866
_d21866